| 000 | 00588nam a2200193Ia 4500 | ||
|---|---|---|---|
| 999 |
_c38661 _d38661 |
||
| 003 | GCL | ||
| 005 | 20240530103336.0 | ||
| 008 | 140319s1991 uk 000 0 ara d | ||
| 040 |
_aGCL / _cGCL |
||
| 082 | 0 | 4 |
_a956.5/ _bص ل |
| 100 | 1 | _aصبيحى العمرى | |
| 245 | 1 | 0 |
_aلورنس : _bالحقيقة والاكذوبة / _cصبيحى العمرى |
| 260 |
_aلندن : _bرياض الريس للكتب والنشر، _c1991. |
||
| 300 |
_a223 ص. ؛ _e19 سم. |
||
| 650 | 0 | 7 |
_aالثورات _2qrmak |
| 651 | 0 | 7 |
_2qrmak _aسوريا |
| 651 | 0 | 7 |
_2qrmak _aدمشق |
| 942 |
_2ddc _cBK |
||